LEADER 01153nam--2200385---450- 001 990005891030203316 005 20130926150154.0 010 $a978-88-464-6658-7 035 $a000589103 035 $aUSA01000589103 035 $a(ALEPH)000589103USA01 035 $a000589103 100 $a20130926d2005----km-y0itay50------ba 101 $aita 102 $aIT 105 $a||||||||001yy 200 1 $aEDS$eesplorare, descrivere e sintetizzare i dati$eguida pratica all'analisi dei dati nella ricerca sociale$fGiovanni Di Franco 205 $a2. ed 210 $aMilano$cAngeli$d2005 215 $a255 p.$cill.$d23 cm 225 2 $a<>riccio e la volpe$v1 410 0$12001$a<>riccio e la volpe$v1 454 1$12001 461 1$1001-------$12001 606 0 $aSCIENZE SOCIALI - Metodi di ricerca$xSCIENZE SOCIALI - Ricerche - Metodo 676 $a300.72 700 1$aDI FRANCO,$bGiovanni$0145641 801 0$aIT$bsalbc$gISBD 912 $a990005891030203316 951 $ap00/61$b158 DISTRA 959 $aBK 969 $aDISTRA 979 $aGILIBERTI$b10$c20130926$lUSA01$h1501 996 $aEDS$9507528 997 $aUNISA LEADER 01500nam a22003131i 4500 001 991000425429707536 005 20040828104837.0 008 040920s1993 it ita 035 $ab13218967-39ule_inst 035 $aARCHE-116520$9ExL 040 $aSet. Economia$bita$cA.t.i. Arché s.c.r.l. Pandora Sicilia s.r.l. 082 04$a332.0285 245 00$aApplicazioni di sistemi esperti e reti neurali in campo finanziario /$ca cura di Christian Nottola, Cecilia Rossignoli ; Università cattolica del Sacro Cuore, Osservatorio sui sistemi esperti ; Banque de France 246 13$aAnalyse des experiences operationnelles des systemes experts bancaires en Europe 260 $aMilano :$bAngeli,$cc1993 300 $a427 p. ;$c23 cm 490 $aInformatica & organizzazioni 500 $aAtti del Convegno tenuto a Milano nel 1993 650 4$aSistema esperto$xImpiego nelle operazioni finanziarie$xCongressi$zMilano$y1993 700 1 $aRossignoli, Cecilia 700 1 $aNottola, Christian 710 2 $aOsservatorio sui sistemi esperti nel mondo bancario e finanziario 710 2 $aBanque de France 907 $a.b13218967$b11-05-18$c23-09-04 912 $a991000425429707536 945 $aLE025 ECO 332 NOT01.02$g1$i2025000197664$lle025$nCatalogato 2018$o-$pE0.00$q-$rl$s- $t0$u0$v0$w0$x0$y.i13875115$z23-09-04 996 $aApplicazioni di sistemi esperti e reti neurali in campo finanziario$9416334 997 $aUNISALENTO 998 $ale025$b23-09-04$cm$da $e-$fita$git $h0$i1 LEADER 01156nam0 22002771i 450 001 UON00071364 005 20231205102352.303 100 $a20020107d1987 |0itac50 ba 101 $aeng 102 $aUS 105 $a|||| ||||| 200 1 $aˆThe ‰interchange between the Arabs and the West$eA thematic study in the modern Arabic novel, 1935-1985$fMohammed Ali Shawabkeh 205 $aAnn Arbor : UMI$b1987 210 $av$d248 p. ; 22 cm 215 $aTesi di laurea: University of Michigan, 1987 606 $aROMANZI ARABI$xStoria e critica$3UONC019833$2FI 620 $aUS$dAnn Arbor (Michigan)$3UONL000025 676 $a892.709006$cLETTERATURA ARABA - Storia e critica - 1945-$v21 700 1$aSHAWABKEH$bMohammed Ali$3UONV046290$0658413 712 $aUMI$3UONV245796$4650 801 $aIT$bSOL$c20250523$gRICA 899 $aSIBA - SISTEMA BIBLIOTECARIO DI ATENEO$2UONSI 912 $aUON00071364 950 $aSIBA - SISTEMA BIBLIOTECARIO DI ATENEO$dSI VI C b x 023 $eSI AA 11296 5 023 996 $aInterchange between the Arabs and the West$91160477 997 $aUNIOR